[Event "Bhubaneswar op-A 14th"]
[Site "Bhubaneswar"]
[Date "2023.06.14"]
[Round "5"]
[White "Sree, Shaunak Chanda"]
[Black "Subrota, Biswas"]
[Result "0-1"]
[WhiteElo "1473"]
[BlackElo "2222"]
[PlyCount "90"]
[EventDate "2023.06.11"]
[EventType "swiss"]
[EventRounds "10"]
[EventCountry "IND"]
[SourceTitle "CBM 214 Extra"]
[Source "ChessBase"]
[SourceDate "2023.07.31"]
[SourceVersion "1"]
[SourceVersionDate "2023.07.31"]
[SourceQuality "1"]

1. d4 Nf6 2. c4 e6 3. Nc3 Bb4 4. e3 0-0 5. Bd2 d5 6. Nf3 b6 7. cxd5 exd5 8. Bd3 Bb7 9. 0-0 Bd6 10. Qb1 Re8 11. b4 Nbd7 12. Rc1 a6 13. a4 Ne4 14. b5 a5 15. Rc2 Re6 16. Bf1 Rh6 17. g3 Qf6 18. Bg2 Nxd2 19. Nxd2 Qf5 20. Rc1 Qh5 21. Nf1 Nf6 22. Qd3 Bc8 23. Qe2 Bg4 24. f3 Bf5 25. Ra2 Re8 26. e4 dxe4 27. fxe4 Bg4 28. Qd2 Be6 29. Raa1 Bb4 30. Qf4 Bh3 31. Ra2 Bxg2 32. Rxg2 g5 33. Qxc7 Bxc3 34. Rxc3 Rxe4 35. Rc1 Ne8 36. Qc8 Kg7 37. g4 Qh3 38. Ng3 Nd6 39. Nf5+ Nxf5 40. Qxf5 Qe3+ 41. Rf2 Qxc1+ 42. Kg2 Re7 43. d5 Qe3 44. Rf3 Qe2+ 45. Kg1 Qxh2+ 0-1